logo

Bir Sreshtho Munshi Abdur Rouf Library
Jhenaidah Cadet College

Propedeutics of children's diseases / (Record no. 6221)

MARC details
000 -LEADER
fixed length control field 01132cam a2200301 4500
001 - CONTROL NUMBER
JCCL Control Number 6221
003 - CONTROL NUMBER IDENTIFIER
JCCL marc code BD-JhCC
005 - DATE AND TIME OF LATEST TRANSACTION
control field 20180117111156.0
008 - FIXED-LENGTH DATA ELEMENTS--GENERAL INFORMATION
fixed length control field 710527s1970 ru a 001 0 eng
035 ## - SYSTEM CONTROL NUMBER
system control number (BD-JhCC)6221
040 ## - CATALOGING SOURCE
Original cataloging agency DLC
Transcribing agency DLC
Modifying agency DLC
-- BD-JhCC
041 1# - LANGUAGE CODE
Language code of Book engrus
050 00 - LIBRARY OF CONGRESS CALL NUMBER
Classification number RJ45
Item number .M55713 1970
082 00 - DEWEY DECIMAL CLASSIFICATION NUMBER
Classification number 618.92
Author mark and Year MOL 1970
100 1# - MAIN ENTRY--PERSONAL NAME
Personal name Molchanov, Vasiliĭ Ivanovich,
240 10 - UNIFORM TITLE
Uniform title Propedeutika detskikh bolezneĭ.
245 10 - TITLE STATEMENT
Title Propedeutics of children's diseases /
Remainder of title a textbook for future pediatricians
Statement of responsibility, etc [by] V. Molchanov, Y. Dombrovskaya [and] D. Lebedev. Edited by Y. Dombrovskaya. Translated from the Russian by Miriam Katz.
250 ## - EDITION STATEMENT
Edition statement [4th ed.]
260 ## - PUBLICATION, DISTRIBUTION, ETC. (IMPRINT)
Place of publication, distribution, etc Moscow :
Name of publisher, distributor, etc Peace Publishers,
Date of publication, distribution, etc 1970.
300 ## - PHYSICAL DESCRIPTION
Pagination 390 p.
Other physical details illus.
Dimensions 22 cm.
500 ## - GENERAL NOTE
General note Beginning with 5th rev. and enl. ed. (1970) I︠U︡ F. Dombrovskai︠a︡ listed first.
500 ## - GENERAL NOTE
General note Translation of Propedevtika detskikh bolezneĭ.
650 #0 - SUBJECT ADDED ENTRY--TOPICAL TERM
Topical term or geographic name as entry element Pediatrics.
700 1# - ADDED ENTRY--PERSONAL NAME
Personal name Dombrovskai︠a︡, I︠U︡. F.
Fuller form of name (I︠U︡lii︠a︡ Fominichna)
700 1# - ADDED ENTRY--PERSONAL NAME
Personal name Lebedev, Dmitriĭ Dmitrievich.
942 ## - ADDED ENTRY ELEMENTS (KOHA)
Source of classification or shelving scheme Dewey Decimal Classification
Koha item type Books
Holdings
Source of classification or shelving scheme Damaged status Not for loan Home library Current library Shelving location Total Checkouts Full call number Barcode Date last seen Copy number Koha item type
Dewey Decimal Classification     JCC Rouf Library JCC Rouf Library General Stacks   618.92 MOL 1970 7895 01/17/2018 C - 1 Books

JCC Library | Contacts | JCC Home

Last Update on 23 September 2017
Copyright @ 2017-2020 JCC Rouf Library
Rouf Library, Jhenidah Cadet College (JCC), Bangladesh